000 00856nam a2200217 a 4500
001 000045623
005 20201002052342.0
008 150417s2010 dr a 000 0 spa d
040 _aDO-SdBNP
_bspa
_cBNPHU
082 _a750
_bC744p, 2010
111 2 _aConcurso Nacional de Pintura
_n(1, 2:
_d2010
_cSanto Domingo)
_973685
245 1 0 _aPinto mi familia sana y feliz; :
_bpinto mi libertad.
260 _aSanto Domingo :
_bConsejo Nacional de Drogas,
_c2010.
300 _a3 v. :
_bil. ;
_c26 cm.
505 0 _av.1--
_tPinto mi familia sana y feliz; pinto mi libertad.
_gv.2.
_tPinto mi libertad--
_gv.3.
_tPinto mi familia sana y feliz
590 _aInventariado, 2018/LP
650 4 _aPintura
_zRepública Dominicana
_973686
650 4 _aPintura
_xConcursos
_973687
650 4 _aArte dominicano
_xConcursos
_973688
910 _aValidado. Control de calidad MFF
999 _c45112
_d45112